00489nam a2200157Ia 450000500170000000800410001702000150005808200130007310000170008624501230010326000500022630000180027665000120029465000130030665000120031920250115024646.0240331s9999 xx 000 0 und d a955260009X bTWOa944 aBuultjens, R 0aTwo hundred years after the French revolution :blectures in commemoration of the bicentenary of the French revolution aKandybInstitute if Fundamental Studiesc1990 aVii, 130 p ., aHistory aBuddhism aHistory